000 00560nam a2200217Ia 4500
008 160418s9999 xx 000 0 und d
020 _a971-584-434-0
050 _aFIL PL 6058.9
050 _b.B38B85 2006
100 _aBautista, Lualhati.
245 _aBulaklak sa city jail /
245 _cLualhati Bautista.
260 _aQuezon City:
260 _bC & E Pub. Inc.,
260 _c2006
300 _a307 pages :
300 _billustrations ;
300 _c19 cm.
650 _aPhilippine fiction (Tagalog).
650 _xNovel -- Philippines.
999 _c293562
_d293562